Influential Bolshevik Party Members Killed During The Great Purge - Statistics

General Stats
  • This quiz has been taken 59 times
  • The average score is 5 of 13
Answer Stats
Picture Answer % Correct
Nikolai Ivanovich Bukharin
87%
Lev Kamenev
84%
Grigory Zinoviev
69%
Genrikh Yagoda
53%
Alexei Rykov
51%
Mikhail Tukhachevsky
42%
Karl Radek
31%
Nikolai Yezhov
24%
Alexander Yegorov
18%
Grigory Sokolnikov
9%
Iona Yakir
4%
Nikolai Krestinsky
4%
Yury Pyatakov
4%
No matching quizzes found
Score Distribution
Percent of People with Each Score
Percentile by Number Answered
Your Score History
You have not taken this quiz